000 01070nam a2200265 a 4500
005 20070430101053.0
008 061121s2007 ii a b 001 0 eng
010 _aENG-92640
020 _a9788123014715
_c100.00
035 _aEN-76173
037 _bDBAD / VEN
040 _adpl
_bEnglish
082 _a954.083
100 _aChopra, Prabha
245 _aDelhi in 1857 /
_cby Prabha Chopra; edited by Nitima Shiv Charan
260 _aNew Delhi
_bPublications Division
_c2008
270 _aSoochna Bhawan, CGO Complex, Lodhi Road,
_bNew Delhi
_e110003
300 _a89p.
_c22 cm (pbk)
500 _aIncludes bibliographical references
651 _aDelhi (India)
_xHistory
_ySepoy Rebellion, 1857-1858
700 _aNitima Shiv Charan
942 _2ddc
_cEN
_mCHO
_h954.083
999 _c22501
_d22501